<?xml version="1.0" encoding="UTF-8"?>
<record
    xmlns:xsi="http://www.w3.org/2001/XMLSchema-instance"
    xsi:schemaLocation="http://www.loc.gov/MARC21/slim http://www.loc.gov/standards/marcxml/schema/MARC21slim.xsd"
    xmlns="http://www.loc.gov/MARC21/slim">

  <leader>02171nam0a2200337   4500</leader>
  <controlfield tag="001">RU\NLR\bibl\903555</controlfield>
  <controlfield tag="005">20260407090330.0</controlfield>
  <datafield tag="021" ind1=" " ind2=" ">
    <subfield code="a">RU</subfield>
    <subfield code="b">2005-86437</subfield>
    <subfield code="9">4282</subfield>
  </datafield>
  <datafield tag="035" ind1=" " ind2=" ">
    <subfield code="a">(NLR Aleph) 000891977</subfield>
  </datafield>
  <datafield tag="090" ind1=" " ind2=" ">
    <subfield code="a">1724097</subfield>
    <subfield code="c">1724097</subfield>
  </datafield>
  <datafield tag="100" ind1=" " ind2=" ">
    <subfield code="a">20060204d2005    |||y0rusy50      ca</subfield>
  </datafield>
  <datafield tag="101" ind1="0" ind2=" ">
    <subfield code="a">rus</subfield>
    <subfield code="d">eng</subfield>
    <subfield code="e">eng</subfield>
  </datafield>
  <datafield tag="102" ind1=" " ind2=" ">
    <subfield code="a">RU</subfield>
  </datafield>
  <datafield tag="105" ind1=" " ind2=" ">
    <subfield code="a">c   |||||||||</subfield>
  </datafield>
  <datafield tag="200" ind1="1" ind2=" ">
    <subfield code="a">&#x41D;&#x438;&#x43A;&#x43E;&#x43B;&#x430;&#x439; &#x410;&#x43B;&#x435;&#x43A;&#x441;&#x430;&#x43D;&#x434;&#x440;&#x43E;&#x432;&#x438;&#x447; &#x41C;&#x430;&#x439;&#x441;&#x443;&#x440;&#x44F;&#x43D;</subfield>
    <subfield code="f">[&#x441;&#x43E;&#x441;&#x442;. &#x413;.&#x410;. &#x41C;&#x430;&#x43A;&#x430;&#x440;&#x435;&#x43D;&#x43A;&#x43E;</subfield>
    <subfield code="g">&#x440;&#x435;&#x434;&#x43A;&#x43E;&#x43B;.: &#x447;&#x43B;.-&#x43A;&#x43E;&#x440;&#x440;. &#x420;&#x410;&#x421;&#x425;&#x41D; &#x412;.&#x41C;. &#x411;&#x430;&#x443;&#x442;&#x438;&#x43D; - &#x43F;&#x440;&#x435;&#x434;. &#x438; &#x434;&#x440;.</subfield>
    <subfield code="g">&#x430;&#x432;&#x442;. &#x432;&#x441;&#x442;&#x443;&#x43F;. &#x441;&#x442;. &#x413;.&#x413;. &#x413;&#x430;&#x442;&#x430;&#x443;&#x43B;&#x438;&#x43D;&#x430;]</subfield>
  </datafield>
  <datafield tag="210" ind1=" " ind2=" ">
    <subfield code="a">&#x41C;&#x43E;&#x441;&#x43A;&#x432;&#x430;</subfield>
    <subfield code="c">&#x41C;&#x421;&#x425;&#x410;</subfield>
    <subfield code="d">2005</subfield>
  </datafield>
  <datafield tag="215" ind1=" " ind2=" ">
    <subfield code="a">[1],63 &#x441;.</subfield>
    <subfield code="c">&#x43F;&#x43E;&#x440;&#x442;&#x440;.</subfield>
    <subfield code="d">20</subfield>
  </datafield>
  <datafield tag="225" ind1="1" ind2=" ">
    <subfield code="a">&#x41C;&#x430;&#x442;&#x435;&#x440;&#x438;&#x430;&#x43B;&#x44B; &#x43A; &#x431;&#x438;&#x43E;&#x431;&#x438;&#x431;&#x43B;&#x438;&#x43E;&#x433;&#x440;&#x430;&#x444;&#x438;&#x438; &#x434;&#x435;&#x44F;&#x442;&#x435;&#x43B;&#x435;&#x439; &#x441;&#x435;&#x43B;&#x44C;&#x441;&#x43A;&#x43E;&#x445;&#x43E;&#x437;&#x44F;&#x439;&#x441;&#x442;&#x432;&#x435;&#x43D;&#x43D;&#x43E;&#x439; &#x43D;&#x430;&#x443;&#x43A;&#x438; &#x438; &#x430;&#x433;&#x440;&#x430;&#x440;&#x43D;&#x43E;&#x433;&#x43E; &#x43E;&#x431;&#x440;&#x430;&#x437;&#x43E;&#x432;&#x430;&#x43D;&#x438;&#x44F;</subfield>
  </datafield>
  <datafield tag="225" ind1="1" ind2=" ">
    <subfield code="a">&#x423;&#x447;&#x435;&#x43D;&#x44B;&#x435; &#x422;&#x438;&#x43C;&#x438;&#x440;&#x44F;&#x437;&#x435;&#x432;&#x441;&#x43A;&#x43E;&#x439; &#x430;&#x43A;&#x430;&#x434;&#x435;&#x43C;&#x438;&#x438;</subfield>
    <subfield code="f">&#x424;&#x435;&#x434;&#x435;&#x440;. &#x433;&#x43E;&#x441;. &#x43E;&#x431;&#x440;&#x430;&#x437;&#x43E;&#x432;&#x430;&#x442;. &#x443;&#x447;&#x440;&#x435;&#x436;&#x434;&#x435;&#x43D;&#x438;&#x435; &#x432;&#x44B;&#x441;&#x448;. &#x43F;&#x440;&#x43E;&#x444;. &#x43E;&#x431;&#x440;&#x430;&#x437;&#x43E;&#x432;&#x430;&#x43D;&#x438;&#x44F; "&#x420;&#x43E;&#x441;. &#x433;&#x43E;&#x441;. &#x430;&#x433;&#x440;&#x430;&#x440;. &#x443;&#x43D;-&#x442; - &#x41C;&#x421;&#x425;&#x410; &#x438;&#x43C;. &#x41A;.&#x410;. &#x422;&#x438;&#x43C;&#x438;&#x440;&#x44F;&#x437;&#x435;&#x432;&#x430;" (&#x424;&#x413;&#x41E;&#x423; &#x412;&#x41F;&#x41E; &#x420;&#x413;&#x410;&#x423; - &#x41C;&#x421;&#x425;&#x410; &#x438;&#x43C;. &#x41A;.&#x410;. &#x422;&#x438;&#x43C;&#x438;&#x440;&#x44F;&#x437;&#x435;&#x432;&#x430;), &#x426;&#x435;&#x43D;&#x442;&#x440;. &#x43D;&#x430;&#x443;&#x447;. &#x431;-&#x43A;&#x430; &#x438;&#x43C;. &#x41D;.&#x418;. &#x416;&#x435;&#x43B;&#x435;&#x437;&#x43D;&#x43E;&#x432;&#x430;</subfield>
  </datafield>
  <datafield tag="300" ind1=" " ind2=" ">
    <subfield code="a">&#x420;&#x435;&#x437;. &#x43D;&#x430; &#x430;&#x43D;&#x433;&#x43B;. &#x44F;&#x437;.</subfield>
  </datafield>
  <datafield tag="320" ind1=" " ind2=" ">
    <subfield code="a">&#x410;&#x43B;&#x444;. &#x443;&#x43A;&#x430;&#x437;. &#x442;&#x440;.: &#x441;. 53-62</subfield>
  </datafield>
  <datafield tag="600" ind1=" " ind2="1">
    <subfield code="a">&#x41C;&#x430;&#x439;&#x441;&#x443;&#x440;&#x44F;&#x43D;</subfield>
    <subfield code="b">&#x41D;.&#x410;.</subfield>
    <subfield code="f">1896 - 1967</subfield>
    <subfield code="g">&#x41D;&#x438;&#x43A;&#x43E;&#x43B;&#x430;&#x439; &#x410;&#x43B;&#x435;&#x43A;&#x441;&#x430;&#x43D;&#x434;&#x440;&#x43E;&#x432;&#x438;&#x447;</subfield>
    <subfield code="j">&#x411;&#x438;&#x43E;&#x431;&#x438;&#x431;&#x43B;&#x438;&#x43E;&#x433;&#x440;&#x430;&#x444;&#x438;&#x44F;</subfield>
    <subfield code="9">1509788</subfield>
    <subfield code="3">RU\NLR\auth\66655266</subfield>
  </datafield>
  <datafield tag="686" ind1=" " ind2=" ">
    <subfield code="a">&#x41F;13&#x434;(2)&#x41C;&#x430;&#x439;&#x441;&#x443;&#x440;&#x44F;&#x43D; &#x44F;1</subfield>
  </datafield>
  <datafield tag="702" ind1=" " ind2="1">
    <subfield code="a">&#x41C;&#x430;&#x43A;&#x430;&#x440;&#x435;&#x43D;&#x43A;&#x43E;</subfield>
    <subfield code="b">&#x413;. &#x410;.</subfield>
    <subfield code="4">220</subfield>
  </datafield>
  <datafield tag="702" ind1=" " ind2="1">
    <subfield code="4">340</subfield>
    <subfield code="8">rus</subfield>
    <subfield code="7">ca</subfield>
    <subfield code="a">&#x411;&#x430;&#x443;&#x442;&#x438;&#x43D;</subfield>
    <subfield code="b">&#x41C;. &#x421;.</subfield>
    <subfield code="c">&#x434;-&#x440; &#x44D;&#x43A;&#x43E;&#x43D;. &#x43D;&#x430;&#x443;&#x43A;</subfield>
    <subfield code="f">1948-</subfield>
    <subfield code="g">&#x412;&#x43B;&#x430;&#x434;&#x438;&#x43C;&#x438;&#x440; &#x41C;&#x43E;&#x438;&#x441;&#x435;&#x435;&#x432;&#x438;&#x447;</subfield>
    <subfield code="3">RU\NLR\auth\7729134</subfield>
    <subfield code="9">12163</subfield>
  </datafield>
  <datafield tag="712" ind1="0" ind2="2">
    <subfield code="4">570</subfield>
    <subfield code="a">&#x41C;&#x43E;&#x441;&#x43A;&#x43E;&#x432;&#x441;&#x43A;&#x430;&#x44F; &#x441;&#x435;&#x43B;&#x44C;&#x441;&#x43A;&#x43E;&#x445;&#x43E;&#x437;&#x44F;&#x439;&#x441;&#x442;&#x432;&#x435;&#x43D;&#x43D;&#x430;&#x44F; &#x430;&#x43A;&#x430;&#x434;&#x435;&#x43C;&#x438;&#x44F; &#x438;&#x43C;. &#x41A;. &#x410;. &#x422;&#x438;&#x43C;&#x438;&#x440;&#x44F;&#x437;&#x435;&#x432;&#x430;</subfield>
    <subfield code="b">&#x426;&#x435;&#x43D;&#x442;&#x440;&#x430;&#x43B;&#x44C;&#x43D;&#x430;&#x44F; &#x43D;&#x430;&#x443;&#x447;&#x43D;&#x430;&#x44F; &#x431;&#x438;&#x431;&#x43B;&#x438;&#x43E;&#x442;&#x435;&#x43A;&#x430; &#x438;&#x43C;. &#x41D;. &#x418;. &#x416;&#x435;&#x43B;&#x435;&#x437;&#x43D;&#x43E;&#x432;&#x430;</subfield>
    <subfield code="3">RU\NLR\AUTH\8810047808</subfield>
    <subfield code="9">595648</subfield>
  </datafield>
  <datafield tag="801" ind1=" " ind2="0">
    <subfield code="a">RU</subfield>
    <subfield code="b">NLR</subfield>
    <subfield code="c">20060204</subfield>
    <subfield code="g">rcr</subfield>
  </datafield>
  <datafield tag="801" ind1=" " ind2="1">
    <subfield code="a">RU</subfield>
    <subfield code="b">NLR</subfield>
    <subfield code="c">20060204</subfield>
  </datafield>
  <datafield tag="942" ind1=" " ind2=" ">
    <subfield code="c">BOOK</subfield>
  </datafield>
  <datafield tag="980" ind1=" " ind2=" ">
    <subfield code="a">NB</subfield>
  </datafield>
  <datafield tag="995" ind1=" " ind2=" ">
    <subfield code="5">2006-02-04</subfield>
    <subfield code="a">ad</subfield>
    <subfield code="b">NLR01</subfield>
    <subfield code="c">NLR01</subfield>
    <subfield code="e">CSB</subfield>
    <subfield code="f">1-1601500</subfield>
    <subfield code="k">&#x421; 2006-1/118</subfield>
    <subfield code="o">0</subfield>
    <subfield code="r">BOOK</subfield>
    <subfield code="s">_20061118</subfield>
  </datafield>
  <datafield tag="995" ind1=" " ind2=" ">
    <subfield code="5">2006-02-04</subfield>
    <subfield code="a">ad</subfield>
    <subfield code="b">NLR01</subfield>
    <subfield code="c">NLR01</subfield>
    <subfield code="e">CSB</subfield>
    <subfield code="f">1-1601504</subfield>
    <subfield code="k">&#x421; 2006-1/118</subfield>
    <subfield code="o">0</subfield>
    <subfield code="r">BOOK</subfield>
    <subfield code="s">_20061118</subfield>
  </datafield>
</record>
